000 00341nam a22001457a 4500
008 230613b ||||| |||| 00| 0 eng d
020 _a9780323096072
041 _aeng
080 _2FIFTH EDITION
_a610.73
082 _a610.73HOC
100 _a8
101 _aINF
245 _aMATERNAL CHILD NURSING CARE
_cHOCKENBERRY
942 _2udc
_cBK
999 _c59952
_d59952